00377nam a2200157Ia 45000010006000000050017000060080041000230410008000640820019000721000029000912450046001202600009001663000028001756500008002036540008002112269820260414150848.0260414t2015||||xx |||||||||||||| ||spa|| aESP a621.38415bG79 aGrebennikov, AndreieAUT 0aRF and microwave power amplifier designb c2015 a648 páginas :c24 cm. aTCA aCET